France 2022 FIFA World Cup Squad - Statistics

General Stats
  • This quiz has been taken 11,543 times
    11,313 since last reset
  • The average score is 17 of 27
Answer Stats
# Position Player % Correct
10 FW Kylian Mbappé
97%
1 GK © Hugo Lloris
96%
7 FW Antoine Griezmann
86%
9 FW Olivier Giroud
86%
21 DF Lucas Hernandez
80%
22 DF Theo Hernandez
79%
11 FW Ousmane Dembélé
77%
4 DF Raphaël Varane
76%
8 MF Aurélien Tchouaméni
74%
2 DF Benjamin Pavard
70%
25 MF Eduardo Camavinga
68%
14 MF Adrien Rabiot
64%
Manager Didier Deschamps
64%
13 DF Dayot Upamecano
63%
12 FW Randal Kolo Muani
62%
5 DF Jules Koundé
58%
15 DF Ibrahima Konaté
57%
20 FW Kingsley Coman
56%
19 FW Karim Benzema
54%
16 GK Steve Mandanda
54%
23 GK Alphonse Areola
51%
26 FW Marcus Thuram
48%
24 DF William Saliba
46%
18 MF Youssouf Fofana
34%
6 MF Mattéo Guendouzi
26%
3 DF Axel Disasi
23%
17 MF Jordan Veretout
23%
No matching quizzes found
Score Distribution
Percent of People with Each Score
Percentile by Number Answered
Your Score History
You have not taken this quiz since the last reset